Sports Quiz

Random Sports or MLB Quiz

Miami Marlins MVP Votes Quiz Stats

 Plays Quiz not verified by Sporcle

Challenge
Share
Tweet
Embed
Score 0/37 Timer 05:00
0 Plays Today
Year Player % Correct
2017Giancarlo Stanton
98.6%
2014Giancarlo Stanton
97%
2011Giancarlo Stanton
92.9%
2012Giancarlo Stanton
92.9%
2017Marcell Ozuna
79.5%
1996Gary Sheffield
78.3%
2003Miguel Cabrera
77.8%
2004Miguel Cabrera
77.8%
2005Miguel Cabrera
77.8%
2006Miguel Cabrera
77.8%
2007Miguel Cabrera
77.8%
2007Hanley Ramirez
77.5%
2008Hanley Ramirez
77.5%
2009Hanley Ramirez
77.5%
2003Dontrelle Willis
70.4%
2005Dontrelle Willis
70.4%
2016Christian Yelich
67.5%
2010Josh Johnson
66.3%
1997Charles Johnson
66.2%
Year Player % Correct
2003Mike Lowell
65.5%
1994Jeff Conine
62.2%
1995Jeff Conine
62.2%
2010Dan Uggla
61.1%
2003Ivan Rodriguez
50.5%
2003Luis Castillo
50.4%
2003Juan Pierre
50.3%
2004Juan Pierre
50.3%
2015Dee Gordon
50.1%
2003Derrek Lee
46%
1996Kevin Brown
45.6%
1997Moises Alou
34.1%
2005Carlos Delgado
31.7%
2001Cliff Floyd
26.8%
2009Chris Coghlan
13.1%
1993Bryan Harvey
11.7%
2000Antonio Alfonseca
9.9%
2004Armando Benitez
9.7%

You're not logged in!

Compare scores with friends on all Sporcle quizzes.
Join for Free
OR
Log In

You Might Also Like...

Show Comments

Extras

Top Quizzes Today


Score Distribution

Your Account Isn't Verified!

In order to create a playlist on Sporcle, you need to verify the email address you used during registration. Go to your Sporcle Settings to finish the process.

Report this User

Report this user for behavior that violates our Community Guidelines.

Details: